| 000 | 00592nam a22002057a 4500 | ||
|---|---|---|---|
| 999 |
_c173269 _d173269 |
||
| 005 | 20200221112819.0 | ||
| 010 | _aENG-127930 | ||
| 020 |
_a9788194452812 _c795.00 |
||
| 035 | _aEN-111462 | ||
| 037 | _bDBAD/PUB | ||
| 082 | _a821.092 | ||
| 100 | _aAsha Kiran | ||
| 245 |
_aGoswami Tulsidas/ _cby Asha Kiran |
||
| 250 | _a2019 | ||
| 260 |
_aNew Delhi _bSKY Books International _c2019 |
||
| 270 |
_a1/1079E,Mehrauli _bNew Delhi _e110030 |
||
| 300 |
_aviii;184p. _c22cm(hb) |
||
| 500 | _aincludes bibliographical references and index | ||
| 942 |
_2ddc _cEN _h821.092 _mASH |
||